000
00366nam a22001217a 4500
003
SGT
082
_a
080
_b
R07V
100
_a
वैध, मा, गो.
245
_a
राष्ट्रीय स्वयंसेवक संघ प्रस्ताव 1950-2007
260
_b
सुरुचि प्रकाशन
_c
2007
300
_a
385
942
_2
ddc
_c
BK
999
_c
31498
_d
31498